| 000 | 01455nam a2200325 c 4500 | ||
|---|---|---|---|
| 003 | BLK | ||
| 005 | 20220328173405.0 | ||
| 008 | 180410b bul|||||r ||||||| ||bul|| | ||
| 010 | _aKNG00154886000 | ||
| 040 | _aBLK | ||
| 041 |
_aBUL _cBUL |
||
| 080 |
_aСловашка литература _b821.162.4 _x-93-32 _z821.162.4-93-32 |
||
| 100 | 1 |
_aЧайда, Иван _eпърви автор _9140658 |
|
| 700 | 1 |
_aВълчев, Георги _eпрев. от словаш. _9380329 |
|
| 700 | 1 |
_aКудаща, В. _eхудож. _985121 |
|
| 139 |
_aЧайда, Иван _bЧ 15 |
||
| 245 | 1 | 0 |
_aЛетим във Вселената _bНауч.-фантаст. разказ : За нач. и средна училищна възраст _cИван Чайда; прев. от словаш. Георги Вълчев; худож. В. Кудаща. |
| 257 | _aCSK | ||
| 260 |
_аСофия _bНар. младеж _c1962 _fСофия : ДПК Д. Благоев |
||
| 300 |
_a16 с. _bс ил. _c32 см |
||
| 380 | _aDX | ||
| 500 | _aОриг. загл. Letime vesmirom. - Авт. посочен в библиогр. каре. - 81 000 тир. | ||
| 653 | _aдетска литература | ||
| 653 | _aнаучно познание | ||
| 852 | _aЦб ІІ 19243 | ||
| 856 | 4 |
_qpdf _u |
|
| 856 | 4 |
_qpdf _u |
|
| 942 |
_cKNG _n0 _02 |
||
| 944 |
_aCR _c21.12.2013 _l21.12.2013 - от С1,Р / 21.12.2013 _kМирела_Шивачева |
||
| 944 |
_aED _c21.12.2013 _l21.12.2013 - от С1,Р / 21.12.2013 _k |
||
| 999 |
_c148661 _d148661 |
||